<?xml version="1.0" encoding="UTF-8"?>
<record
    xmlns:xsi="http://www.w3.org/2001/XMLSchema-instance"
    xsi:schemaLocation="http://www.loc.gov/MARC21/slim http://www.loc.gov/standards/marcxml/schema/MARC21slim.xsd"
    xmlns="http://www.loc.gov/MARC21/slim">

  <leader>00580cam a2200181   4500</leader>
  <controlfield tag="001">BUCI007960</controlfield>
  <controlfield tag="008">      r19741965nyua                eng  </controlfield>
  <datafield tag="020" ind1=" " ind2=" ">
    <subfield code="a">0882751964</subfield>
  </datafield>
  <datafield tag="035" ind1=" " ind2=" ">
    <subfield code="a">BUCI007960</subfield>
  </datafield>
  <datafield tag="100" ind1="1" ind2=" ">
    <subfield code="a">Etzioni, Amitai</subfield>
  </datafield>
  <datafield tag="245" ind1="1" ind2="0">
    <subfield code="a">Political unification :</subfield>
    <subfield code="b">A comparative study of leaders and forces /</subfield>
    <subfield code="c">Amitai Etzioni.</subfield>
  </datafield>
  <datafield tag="260" ind1=" " ind2=" ">
    <subfield code="a">Nuw York :</subfield>
    <subfield code="b">Published by holt,</subfield>
    <subfield code="c">1974</subfield>
  </datafield>
  <datafield tag="300" ind1=" " ind2=" ">
    <subfield code="a">xx, 346 p. :</subfield>
    <subfield code="b">ils. ;</subfield>
    <subfield code="c">22 cm.</subfield>
  </datafield>
  <datafield tag="504" ind1=" " ind2=" ">
    <subfield code="a">Incluye glosario e &#xED;ndice</subfield>
  </datafield>
  <datafield tag="650" ind1=" " ind2="4">
    <subfield code="a">Regionalismo (Organizaci&#xF3;n Internacional)</subfield>
  </datafield>
  <datafield tag="942" ind1=" " ind2=" ">
    <subfield code="2">lcc</subfield>
    <subfield code="c">LIB</subfield>
  </datafield>
  <datafield tag="999" ind1=" " ind2=" ">
    <subfield code="c">123932</subfield>
    <subfield code="d">123932</subfield>
  </datafield>
  <datafield tag="952" ind1=" " ind2=" ">
    <subfield code="1">0</subfield>
    <subfield code="2">lcc</subfield>
    <subfield code="4">0</subfield>
    <subfield code="7">0</subfield>
    <subfield code="a">UCIH</subfield>
    <subfield code="b">UCIH</subfield>
    <subfield code="c">GENERAL</subfield>
    <subfield code="d">2017-01-16</subfield>
    <subfield code="f">1a</subfield>
    <subfield code="h">BCU000017161</subfield>
    <subfield code="k">CSA</subfield>
    <subfield code="o">JX1979 E87 1974</subfield>
    <subfield code="p">BCU000017161</subfield>
    <subfield code="r">2017-01-16 00:00:00</subfield>
    <subfield code="t">1</subfield>
    <subfield code="y">LIB</subfield>
  </datafield>
  <datafield tag="952" ind1=" " ind2=" ">
    <subfield code="1">0</subfield>
    <subfield code="2">lcc</subfield>
    <subfield code="4">0</subfield>
    <subfield code="7">0</subfield>
    <subfield code="a">UCIH</subfield>
    <subfield code="b">UCIH</subfield>
    <subfield code="c">GENERAL</subfield>
    <subfield code="d">2017-01-16</subfield>
    <subfield code="f">1a</subfield>
    <subfield code="h">BCU000017162</subfield>
    <subfield code="k">CSA</subfield>
    <subfield code="o">JX1979 E87 1974</subfield>
    <subfield code="p">BCU000017162</subfield>
    <subfield code="r">2017-01-16 00:00:00</subfield>
    <subfield code="t">2</subfield>
    <subfield code="y">LIB</subfield>
  </datafield>
</record>
